00586nam a2200181 i 450000100060000000300090000600500170001500700030003200800410003508000160007610000260009224501110011826000780022930000200030765100370032770000160036485200240038037239ES-MaACL20230906155530.0t|030220s1865 fr ||||1| fre d a930.85(410)1 aBuckle, Henry Thomas.10aHistoire de la civilisation en Angleterre / cHenry Thomas Buckle ; traduction autorisée par A. Baillot. aParis : bA. Lacroix, Verboeckhoven, c1865 (eBruxelles : fA. Lacroise) a5 v. ; c22 cm. 4aGran Bretaña-xCivilización.1 aBaillot. A. aES-MaACLjD-4109-13